Pays du monde par production de noix de coco - Statistiques

Statistiques générales
  • Ce quiz a été pris 55 fois
  • Le résultat moyen est 6 sur 10
Statistiques - réponses
Pourcentage (%) Pays % Correct
4.7 Brésil
89%
29.5 Indonésie
75%
19.2 Inde
73%
24.8 Philippines
70%
1.6 Thaïlande
70%
2.1 Viêt Nam
68%
1.0 Malaisie
66%
1.7 Mexique
61%
4.1 Sri Lanka
39%
1.9 Papouasie-Nouvelle-Guinée
36%
Aucun quiz correspondant
Distribution des résultats
% des personnes avec chaque résultat
Percentile par nombre de réponses
Votre historique - résultats
Vous n’avez pas pris ce quiz